| 000 | 00618nam a2200133Ia 4500 | ||
|---|---|---|---|
| 008 | 220615s9999||||xx |||||||||||||| ||und|| | ||
| 022 | _a2364-4087 | ||
| 100 | _aJulia Dahlvik | ||
| 245 | 0 | _aInside Asylum Bureaucracy: Organizing Refugee Status Determination in Austria | |
| 546 | _aEnglish[eng] | ||
| 650 | _aPublic administration of asylum applications in Europe||Determining refugee status in street-level bureaucracy||Institutional ethnography||Theory of social practices||Immigration in Europe||Individual-institution interaction | ||
| 856 | _uhttps://link.springer.com/book/10.1007/978-3-319-63306-0 | ||
| 942 | _cEB | ||
| 999 |
_c9384 _d9384 |
||